Aquel año en Madrid / (Record no. 164312)

MARC details
000 -CABECERA
campo de control de longitud fija 00589nam a2200217 u 4500
005 - FECHA Y HORA DE LA ÚLTIMA TRANSACCIÓN
campo de control 20231026063637.0
008 - ELEMENTOS DE LONGITUD FIJA--INFORMACIÓN GENERAL
campo de control de longitud fija 130813s2011 es r 000 0 spa d
020 ## - NÚMERO INTERNACIONAL NORMALIZADO PARA LIBROS
Número Internacional Estándar del Libro 9788478845002
035 ## - NÚMERO DE CONTROL DEL SISTEMA
Número de control de sistema UPN01000192209
049 ## - COLECCIÓN
Colección CG
050 #4 - SIGNATURA TOPOGRÁFICA DE LA BIBLIOTECA DEL CONGRESO
Número de clasificación PQ8520.13 H3.9
Número de documento/Ítem A6.9
100 1# - ASIENTO PRINCIPAL--NOMBRE PERSONAL
Nombre de persona Chavarría, Daniel,
Fechas asociadas al nombre 1933-
9 (RLIN) 33982
245 10 - MENCIÓN DE TÍTULO
Título Aquel año en Madrid /
Mención de responsabilidad, etc. Daniel Chavarría.
260 ## - PUBLICACIÓN, DISTRIBUCIÓN, ETC.
Lugar de publicación, distribución, etc. Madrid :
Nombre del editor, distribuidor, etc. Popular,
Fecha de publicación, distribución, etc. 2011.
300 ## - DESCRIPCIÓN FÍSICA
Extensión 290 p.
440 #0 - MENCIÓN DE SERIE/ASIENTO SECUNDARIO--TÍTULO
Título Letra grande ;
Designación de volumen o secuencia 5
Nombre de parte o sección de la obra Novela
650 #0 - ASIENTO SECUNDARIO DE MATERIA - TERMINO TEMATICO
Término de materia o nombre geográfico como elemento de entrada Novela uruguaya
9 (RLIN) 5074
650 #4 - ASIENTO SECUNDARIO DE MATERIA - TERMINO TEMATICO
Término de materia o nombre geográfico como elemento de entrada Amor
Subdivisión de forma Novela
9 (RLIN) 397
905 ## - TIPO DE MATERIAL
Tipo de material Libro
Holdings
Estado de retiro Estado de pérdida Fuente del sistema de clasificación o colocación Estado dañado No para préstamo Código de colección Localización permanente Ubicación/localización actual Ubicación en estantería Total de préstamos Clasificación Código de barras Fecha visto por última vez Número de copia Tipo de ítem Koha
    Library of Congress Classification     Colección General Bib. Gregorio Torres Quintero Bib. Gregorio Torres Quintero Planta baja   PQ8520.13 H3.9 A6.9 290324 31/12/2020 1 Libro
    Library of Congress Classification     Colección General Bib. Gregorio Torres Quintero Bib. Gregorio Torres Quintero Planta baja 5 PQ8520.13 H3.9 A6.9 290325 31/12/2020 1 Libro